[Event "Tradewise Gibraltar"]
[Site "Catalan Bay GIB"]
[Date "2014.01.28"]
[EventDate "2014.01.28"]
[Round "1.9"]
[Result "0-1"]
[White "Armen Proudian"]
[Black "Pentala Harikrishna"]
[WhiteElo "2274"]
[BlackElo "2706"]
[PlyCount "56"]

1. e4 c5 2. Nf3 e6 3. d4 cxd4 4. Nxd4 Nc6 5. Nc3 Qc7 6. Be3 a6
7. Qd2 Nf6 8. O-O-O Be7 9. f3 b5 10. g4 Nxd4 11. Qxd4 Bb7
12. g5 Nh5 13. Bd3 Rc8 14. h4 O-O 15. Kb1 f6 16. Bxb5 axb5
17. Qxd7 Bc6 18. Qxe6+ Kh8 19. Qb3 f5 20. Nd5 Bxd5 21. Rxd5
fxe4 22. fxe4 Ng3 23. Re1 Nxe4 24. Qd3 Qg3 25. Re2 Rf1+
26. Bc1 Qg1 27. Qe3 Nc3+ 28. bxc3 Qxe3 0-1

[Event "Tradewise Gibraltar"]
[Site "Catalan Bay GIB"]
[Date "2014.01.31"]
[EventDate "2014.01.28"]
[Round "4.2"]
[Result "1/2-1/2"]
[White "Pentala Harikrishna"]
[Black "Romain Edouard"]
[WhiteElo "2706"]
[BlackElo "2658"]
[PlyCount "143"]

1. e4 e6 2. d4 d5 3. Nc3 Bb4 4. exd5 exd5 5. Bd3 Nc6 6. a3 Ba5
7. Be3 Nge7 8. Qf3 Be6 9. Ne2 Qd7 10. O-O Bg4 11. Qg3 O-O
12. Nf4 Bxc3 13. bxc3 Kh8 14. c4 Bf5 15. cxd5 Nxd5 16. Bxf5
Qxf5 17. Nxd5 Qxd5 18. c4 Qxc4 19. Qxc7 Rab8 20. Rfc1 Qe6
21. Rc5 Rfd8 22. d5 Qe5 23. Qxe5 Nxe5 24. d6 f6 25. Rd1 Rd7
26. Rc7 Rbd8 27. Rxd7 Nxd7 28. Rc1 Nf8 29. Bxa7 Rxd6 30. Kf1
Ne6 31. Rc8+ Rd8 32. Rxd8+ Nxd8 33. Ke2 Nc6 34. Be3 Kg8
35. Kd3 Kf7 36. Kc4 Ke6 37. Kc5 Kd7 38. Bf4 Ne7 39. Bd2 Ng6
40. h3 Ne5 41. f4 Nc6 42. Bb4 Kc7 43. g4 Ne7 44. Kd4 Nc6+
45. Kd5 Kd7 46. Bf8 g6 47. Bb4 Nd8 48. f5 gxf5 49. gxf5 Nf7
50. Bc3 Nd6 51. Bxf6 Nxf5 52. Bg5 Nd6 53. a4 Nc8 54. Be3 Nd6
55. Bc5 Nf7 56. h4 h5 57. Bd4 Nh6 58. Ke5 Ng4+ 59. Kf4 Ke6
60. Kg5 Nh2 61. Kf4 Ng4 62. a5 Nh6 63. Kg5 Nf5 64. Ba7 Nxh4
65. Kxh4 Kd7 66. Kxh5 b6 67. axb6 Kc6 68. Kg5 Kb7 69. Kf5 Ka8
70. Ke5 Kb7 71. Kd5 Ka8 72. Ke4 1/2-1/2

[Event "Tradewise Gibraltar"]
[Site "Catalan Bay GIB"]
[Date "2014.02.06"]
[EventDate "2014.01.28"]
[Round "10.16"]
[Result "1-0"]
[White "Pentala Harikrishna"]
[Black "Felipe de Cresce El Debs"]
[WhiteElo "2706"]
[BlackElo "2520"]
[PlyCount "71"]

1. e4 c5 2. Nf3 e6 3. b3 a6 4. Bb2 d5 5. exd5 exd5 6. Bd3 Nf6
7. Qe2+ Qe7 8. Ne5 Ng4 9. Nxg4 Bxg4 10. Qxe7+ Kxe7 11. O-O Nc6
12. Ba3 Kd6 13. Re1 Be7 14. Nc3 Bf6 15. h3 Bd7 16. Rad1 b6
17. Na4 Kc7 18. c3 h5 19. Be2 d4 20. Rc1 Bg5 21. cxd4 Bxd2
22. dxc5 b5 23. Nb6 Rad8 24. Red1 Bxc1 25. Bxc1 Be6 26. Bf4+
Kb7 27. Bd6 Ka7 28. Nd5 Bc8 29. b4 Bb7 30. a4 bxa4 31. b5 axb5
32. Bxb5 Rh6 33. Bc7 Nd4 34. Rxd4 Rxd5 35. Rxa4+ Ba6 36. Bb6+
1-0

[Event "World Blitz Championship"]
[Site "Dubai UAE"]
[Date "2014.06.19"]
[EventDate "2014.06.19"]
[Round "2.23"]
[Result "0-1"]
[White "Das Debashis"]
[Black "Pentala Harikrishna"]
[WhiteElo "2484"]
[BlackElo "2726"]
[PlyCount "66"]

1. d4 Nf6 2. c4 e6 3. Nc3 Bb4 4. Nf3 O-O 5. e3 d6 6. Qc2 Nc6
7. Bd2 e5 8. dxe5 dxe5 9. Bd3 Re8 10. Ng5 g6 11. a3 Bxc3
12. Bxc3 Nd4 13. Qd1 Bg4 14. f3 Bf5 15. Bxf5 Nxf5 16. Qxd8
Raxd8 17. Ke2 h6 18. Nh3 Nd7 19. Rhd1 e4 20. f4 Nc5 21. Nf2
Nb3 22. Rxd8 Rxd8 23. Rd1 Rxd1 24. Nxd1 Nd6 25. Be5 Nxc4
26. Bxc7 f5 27. Bb8 a6 28. Ba7 Kf7 29. Bd4 Ke6 30. Bc3 h5
31. Nf2 Nc1+ 32. Ke1 Nd3+ 33. Ke2 Ndxb2 0-1

[Event "World Blitz Championship"]
[Site "Dubai UAE"]
[Date "2014.06.19"]
[EventDate "2014.06.19"]
[Round "3.7"]
[Result "1-0"]
[White "Pentala Harikrishna"]
[Black "Etienne Bacrot"]
[WhiteElo "2726"]
[BlackElo "2720"]
[PlyCount "65"]

1. d4 Nf6 2. Nf3 g6 3. Bg5 Bg7 4. Nbd2 O-O 5. c3 d5 6. e3 c5
7. Be2 Nc6 8. O-O cxd4 9. exd4 Bf5 10. Re1 a6 11. h3 b5
12. Nb3 b4 13. c4 a5 14. cxd5 Nxd5 15. Rc1 Qd6 16. Bb5 Rfc8
17. Bh4 Na7 18. Bc4 Bh6 19. Bg5 Bxg5 20. Nxg5 Nc6 21. Qf3 e6
22. g4 h6 23. gxf5 hxg5 24. fxe6 Nf4 25. exf7+ Kg7 26. Bb5
Nxd4 27. Nxd4 Qxd4 28. Rxc8 Rxc8 29. Re8 Rc1+ 30. Kh2 Kxf7
31. Qb7+ Kf6 32. Qe7+ Kf5 33. Rf8+ 1-0

[Event "World Blitz Championship"]
[Site "Dubai UAE"]
[Date "2014.06.19"]
[EventDate "2014.06.19"]
[Round "5.1"]
[Result "1-0"]
[White "Magnus Carlsen"]
[Black "Pentala Harikrishna"]
[WhiteElo "2881"]
[BlackElo "2726"]
[PlyCount "79"]

1. e4 c5 2. Nf3 d6 3. Bb5+ Nd7 4. O-O Nf6 5. d4 a6 6. Bxd7+
Nxd7 7. Nc3 e6 8. d5 e5 9. a4 Be7 10. Nd2 O-O 11. Nc4 Nb6
12. Ne3 Bg5 13. b3 Bxe3 14. Bxe3 f5 15. f4 Nd7 16. a5 Qe7
17. Qd2 fxe4 18. fxe5 Qxe5 19. Rxf8+ Nxf8 20. Bf4 Qe7 21. Na4
Bf5 22. Nb6 Rd8 23. Bg5 e3 24. Bxe7 exd2 25. Bxd8 Bxc2 26. Be7
d1=Q+ 27. Rxd1 Bxd1 28. Bxd6 Bxb3 29. Bxc5 Kf7 30. Bxf8 Kxf8
31. Kf2 Ke7 32. Ke3 Kd6 33. Kd4 g5 34. g3 g4 35. Nc4+ Bxc4
36. Kxc4 Kd7 37. Kc5 Kc7 38. d6+ Kd7 39. Kd5 h6 40. Ke5 1-0

[Event "World Blitz Championship"]
[Site "Dubai UAE"]
[Date "2014.06.19"]
[EventDate "2014.06.19"]
[Round "6.4"]
[Result "1/2-1/2"]
[White "Pentala Harikrishna"]
[Black "Laurent Fressinet"]
[WhiteElo "2726"]
[BlackElo "2717"]
[PlyCount "32"]

1. e4 e5 2. Nf3 Nc6 3. Bb5 Nf6 4. d3 Bc5 5. Nbd2 d6 6. O-O O-O
7. c3 Ne7 8. d4 exd4 9. cxd4 Bb6 10. h3 d5 11. exd5 Nexd5
12. Bd3 Nb4 13. Nc4 Nxd3 14. Qxd3 Be6 15. Bg5 Bxh3 16. gxh3
Qd5 1/2-1/2

[Event "World Blitz Championship"]
[Site "Dubai UAE"]
[Date "2014.06.19"]
[EventDate "2014.06.19"]
[Round "7.7"]
[Result "1-0"]
[White "Gabriel Sargissian"]
[Black "Pentala Harikrishna"]
[WhiteElo "2686"]
[BlackElo "2726"]
[PlyCount "57"]

1. d4 Nf6 2. Nf3 g6 3. c4 Bg7 4. g3 c5 5. Nc3 cxd4 6. Nxd4 O-O
7. Bg2 Nc6 8. O-O Qa5 9. Nb3 Qh5 10. e4 Qxd1 11. Rxd1 d6
12. c5 dxc5 13. Nxc5 b6 14. e5 Nxe5 15. Bxa8 Bg4 16. Re1 Rxa8
17. Rxe5 bxc5 18. Rxc5 Nd7 19. Rc7 Be5 20. Rb7 Bd6 21. Be3 Ne5
22. Rxa7 Rb8 23. Ne4 Bb4 24. a3 Bf3 25. Bf4 Bxe4 26. Bxe5 Rb5
27. axb4 Rxe5 28. Re1 Re6 29. f3 1-0

[Event "World Blitz Championship"]
[Site "Dubai UAE"]
[Date "2014.06.19"]
[EventDate "2014.06.19"]
[Round "8.17"]
[Result "1-0"]
[White "Peter Michalik"]
[Black "Pentala Harikrishna"]
[WhiteElo "2557"]
[BlackElo "2726"]
[PlyCount "121"]

1. d4 Nf6 2. c4 c6 3. Nc3 d5 4. cxd5 cxd5 5. Bf4 Nc6 6. e3 a6
7. Rc1 Bg4 8. Qb3 Na5 9. Qa4+ Bd7 10. Qc2 Rc8 11. Nf3 e6
12. Bd3 Bb4 13. O-O O-O 14. Ne5 h6 15. Bg3 Bb5 16. Bh4 Be7
17. Bxb5 axb5 18. Qe2 b4 19. Na4 Nc6 20. Qb5 Nxe5 21. dxe5
Rxc1 22. Rxc1 Ne4 23. Bxe7 Qxe7 24. f3 Nd2 25. b3 Nxf3+
26. gxf3 Qg5+ 27. Kf2 Qh4+ 28. Ke2 Qxh2+ 29. Kd3 Qxe5 30. Qxb4
Qf5+ 31. Ke2 Qh3 32. Qe1 b5 33. Nc5 Ra8 34. a4 bxa4 35. bxa4
Rb8 36. Rc2 Qh2+ 37. Kd3 Qh5 38. Qe2 Rb4 39. Kc3 Rb1 40. Rb2
Qe5+ 41. Kb3 Rc1 42. Rc2 Qb8+ 43. Qb5 Rb1+ 44. Rb2 Rxb2+
45. Kxb2 Qe5+ 46. Kb3 Qxe3+ 47. Nd3 h5 48. a5 h4 49. a6 h3
50. Kc3 h2 51. Qb8+ Kh7 52. Qxh2+ Kg8 53. Qb8+ Kh7 54. a7 d4+
55. Kc4 Qe2 56. a8=Q Qc2+ 57. Kxd4 e5+ 58. Qxe5 Kg6 59. Qae4+
Kh6 60. Q5f4+ g5 61. Qf6+ 1-0

[Event "World Blitz Championship"]
[Site "Dubai UAE"]
[Date "2014.06.19"]
[EventDate "2014.06.19"]
[Round "9.27"]
[Result "1-0"]
[White "Pentala Harikrishna"]
[Black "A R Saleh Salem"]
[WhiteElo "2726"]
[BlackElo "2581"]
[PlyCount "97"]

1. d4 Nf6 2. Nf3 g6 3. Bg5 Bg7 4. c3 O-O 5. Nbd2 d5 6. e3 Nbd7
7. Be2 Re8 8. O-O e5 9. c4 e4 10. Ne1 c6 11. b4 Nf8 12. b5 h5
13. bxc6 bxc6 14. Nb3 Ne6 15. Bh4 g5 16. Bg3 h4 17. Be5 Nf8
18. cxd5 cxd5 19. f4 gxf4 20. exf4 h3 21. g3 Ng6 22. Nc2 Nxe5
23. fxe5 Nh7 24. Ne3 Be6 25. Nc5 Qg5 26. Rf4 Rac8 27. Rc1 Nf8
28. Bg4 Rxc5 29. Rxc5 Ng6 30. Qf1 Bh6 31. Nxd5 Bxd5 32. Rxd5
Nxf4 33. Qxf4 Qxf4 34. gxf4 Rb8 35. f5 Be3+ 36. Kf1 Rb1+
37. Ke2 Bf4 38. f6 Rb2+ 39. Kd1 Kh7 40. Bf5+ Kh6 41. Bxe4 Rxh2
42. Rd7 Rxa2 43. Rxf7 h2 44. Rh7+ Kg5 45. f7 Ra1+ 46. Ke2 Ra2+
47. Kd3 Ra3+ 48. Kc2 Ra2+ 49. Kb3 1-0

[Event "World Blitz Championship"]
[Site "Dubai UAE"]
[Date "2014.06.19"]
[EventDate "2014.06.19"]
[Round "11.8"]
[Result "1-0"]
[White "Pentala Harikrishna"]
[Black "Levon Aronian"]
[WhiteElo "2726"]
[BlackElo "2815"]
[PlyCount "109"]

1. d4 Nf6 2. Nf3 d6 3. g3 g6 4. Bg2 Bg7 5. O-O O-O 6. c4 Nc6
7. b3 e5 8. Bb2 e4 9. Nfd2 e3 10. fxe3 Re8 11. Na3 Ng4 12. Nc2
Nxe3 13. Nxe3 Rxe3 14. Rf4 Qe7 15. Kf1 g5 16. Re4 Rxe4
17. Nxe4 Bh3 18. Bxh3 Qxe4 19. Bg2 Qe3 20. Bxc6 bxc6 21. Qd3
Qxd3 22. exd3 c5 23. Re1 h6 24. g4 a5 25. Re7 Rc8 26. Re4 a4
27. bxa4 Ra8 28. Re2 Bxd4 29. Bxd4 cxd4 30. Re7 c5 31. Rd7
Rxa4 32. Rxd6 Rxa2 33. Rxh6 Kg7 34. Rc6 Rxh2 35. Rxc5 Kf6
36. Rf5+ Kg6 37. Rd5 Rd2 38. Rxd4 f6 39. Ke1 Rc2 40. Kd1 Ra2
41. c5 Kf7 42. c6 Ra7 43. Kd2 Ke6 44. Ke3 Rc7 45. Rc4 Kd5
46. Rc1 Re7+ 47. Kf3 Rc7 48. Rc4 Ke5 49. Ke3 Kd5 50. Kd2 Rxc6
51. Rxc6 Kxc6 52. Ke3 Kd5 53. d4 Ke6 54. Ke4 f5+ 55. gxf5+ 1-0

[Event "World Blitz Championship"]
[Site "Dubai UAE"]
[Date "2014.06.19"]
[EventDate "2014.06.19"]
[Round "1.37"]
[Result "1-0"]
[White "Pentala Harikrishna"]
[Black "Jahongir Vakhidov"]
[WhiteElo "2726"]
[BlackElo "2471"]
[PlyCount "113"]

1. e4 g6 2. d4 Nf6 3. Nc3 d5 4. e5 Ne4 5. Nce2 f6 6. h4 fxe5
7. f3 Nd6 8. dxe5 Nf7 9. f4 Bg4 10. Qd3 Qd7 11. Ng3 e6 12. Nf3
c5 13. Ng5 Nc6 14. c3 O-O-O 15. Bd2 Nh6 16. h5 Nf5 17. Nxf5
Bxf5 18. Qe2 h6 19. hxg6 Bxg6 20. O-O-O Na5 21. Qb5 Nc6
22. Be3 Be7 23. Nf3 b6 24. Bd3 Bxd3 25. Qxd3 Kb7 26. g4 Rhg8
27. f5 Rxg4 28. f6 Bf8 29. Bxh6 d4 30. Bxf8 Rxf8 31. Rh7 Rf7
32. Rdh1 Nd8 33. c4 Kc8 34. Rxf7 Qxf7 35. Qh7 Rf4 36. Ng5 Qxh7
37. Rxh7 Rf5 38. f7 Rf1+ 39. Kd2 Rf2+ 40. Ke1 Rf5 41. Kd2 Rf2+
42. Kd3 Rf5 43. Ne4 Kb8 44. Rh8 Rxf7 45. Rxd8+ Kc7 46. Rc8+
Kd7 47. Ra8 Kc6 48. Nf6 Rg7 49. Rg8 Rf7 50. Re8 Rg7 51. Rxe6+
Kb7 52. Rd6 Rg3+ 53. Ke4 Re3+ 54. Kf4 Re2 55. e6 Kc7 56. Rd7+
Kc8 57. Ne4 1-0

[Event "World Blitz Championship"]
[Site "Dubai UAE"]
[Date "2014.06.20"]
[EventDate "2014.06.19"]
[Round "12.5"]
[Result "1-0"]
[White "Viswanathan Anand"]
[Black "Pentala Harikrishna"]
[WhiteElo "2785"]
[BlackElo "2726"]
[PlyCount "75"]

1. d4 Nf6 2. c4 e6 3. Nf3 d5 4. Nc3 Be7 5. Bg5 h6 6. Bh4 O-O
7. e3 b6 8. Be2 Bb7 9. Bxf6 Bxf6 10. cxd5 exd5 11. O-O Qe7
12. Qb3 Rd8 13. Rad1 c6 14. Rfe1 Nd7 15. e4 dxe4 16. Bd3 Qf8
17. Nxe4 c5 18. d5 Bd4 19. Bc4 Ne5 20. Nxd4 Nxc4 21. Nf5 Ne5
22. d6 c4 23. Qg3 Ng6 24. h4 Bc8 25. Ne7+ Kh7 26. h5 Nh8
27. Qf4 f5 28. Ng3 Nf7 29. Ng6 Qg8 30. Re7 Ng5 31. Nxf5 Be6
32. Rxg7+ Qxg7 33. Nxg7 Kxg7 34. Qe5+ Kh7 35. f4 Bg4 36. fxg5
Bxh5 37. Qe7+ Kxg6 38. Qf6+ 1-0

[Event "World Blitz Championship"]
[Site "Dubai UAE"]
[Date "2014.06.20"]
[EventDate "2014.06.19"]
[Round "13.12"]
[Result "1-0"]
[White "Pentala Harikrishna"]
[Black "Eduardo Patricio Iturrizaga Bonelli"]
[WhiteElo "2726"]
[BlackElo "2653"]
[PlyCount "159"]

1. d4 Nf6 2. Nf3 e6 3. Bg5 c5 4. e3 b6 5. Nbd2 Bb7 6. Bd3 Be7
7. c3 d5 8. Qe2 Nbd7 9. O-O O-O 10. Rad1 Rc8 11. Rfe1 Ne4
12. Bxe7 Qxe7 13. Bb5 Ndf6 14. Ne5 Nd6 15. Bd3 Rc7 16. h3 Rfc8
17. Bb1 Nd7 18. Qd3 f5 19. Nxd7 Qxd7 20. Nf3 Qb5 21. Qc2 Ne4
22. Ne5 Qe8 23. Qe2 Nd6 24. Bd3 b5 25. a3 a6 26. Bb1 Qe7
27. Nd3 c4 28. Nc5 Rf8 29. f3 e5 30. Nxb7 Nxb7 31. e4 exd4
32. Rxd4 dxe4 33. fxe4 f4 34. e5 Nc5 35. Qg4 Ne6 36. Rd6 Nc5
37. Qh5 Nd3 38. Bxd3 cxd3 39. Rxd3 Rc6 40. Qf3 Re6 41. Qd5 Kh8
42. Rf3 Rd8 43. Qe4 g5 44. Rd3 Re8 45. Rd5 Rf8 46. Red1 Rf7
47. Rd7 Qc5+ 48. Kh2 Rfe7 49. Qf5 h6 50. Rd8+ Kg7 51. R1d7
Qxe5 52. Qf8+ Kg6 53. Rd5 Qf6 54. Qg8+ Kh5 55. Rf8 Qg6 56. Qh8
Re2 57. Rxf4 R7e3 58. Rg4 Re4 59. Rdxg5+ Qxg5 60. Rxg5+ Kxg5
61. Qd8+ Kf4 62. Qf6+ Ke3 63. Qxh6+ Kd3 64. Qxa6 Rxb2 65. Qd6+
Kc4 66. Qc6+ Kd3 67. Qd5+ Ke3 68. Qc5+ Kd3 69. Qd5+ Ke3
70. Kg3 Rc4 71. h4 Rxc3 72. h5 Ke2+ 73. Kh2 Rd2 74. Qe5+ Kd3
75. h6 Rcc2 76. Qxb5+ Kc3 77. Qe5+ Kb3 78. Qg3+ Rc3 79. Qb8+
Kxa3 80. h7 1-0

[Event "World Blitz Championship"]
[Site "Dubai UAE"]
[Date "2014.06.20"]
[EventDate "2014.06.19"]
[Round "14.8"]
[Result "1-0"]
[White "Pentala Harikrishna"]
[Black "Fabiano Caruana"]
[WhiteElo "2726"]
[BlackElo "2791"]
[PlyCount "47"]

1. d4 d6 2. Nf3 Nf6 3. Bg5 Nbd7 4. c3 g6 5. Nbd2 Bg7 6. e4 h6
7. Bh4 g5 8. Bg3 Nh5 9. Bd3 e6 10. Qe2 O-O 11. O-O-O Qe7
12. e5 g4 13. exd6 cxd6 14. Nh4 Nxg3 15. hxg3 Qg5 16. Kb1 d5
17. f4 gxf3 18. gxf3 e5 19. f4 exf4 20. gxf4 Qf6 21. Nf5 Nc5
22. Nxh6+ Bxh6 23. Rdg1+ Kh8 24. Qe5 1-0

[Event "World Blitz Championship"]
[Site "Dubai UAE"]
[Date "2014.06.20"]
[EventDate "2014.06.19"]
[Round "17.9"]
[Result "1-0"]
[White "Pentala Harikrishna"]
[Black "Bassem Amin"]
[WhiteElo "2726"]
[BlackElo "2635"]
[PlyCount "95"]

1. d4 f5 2. Nf3 e6 3. g3 Nf6 4. Bg2 Be7 5. O-O O-O 6. c4 d6
7. Nc3 Qe8 8. Re1 Ne4 9. Qc2 Qg6 10. Nd2 Nxc3 11. bxc3 e5
12. Rb1 c6 13. Ba3 e4 14. f3 Na6 15. fxe4 f4 16. Nf1 fxg3
17. Nxg3 h5 18. Nf5 Bxf5 19. exf5 Rxf5 20. e4 Rf7 21. Rf1
Rxf1+ 22. Rxf1 Nc7 23. Qe2 Rf8 24. Rxf8+ Bxf8 25. Kh1 Ne6
26. Qf2 Qg5 27. Bh3 Nf4 28. Bc8 Ng6 29. Be6+ Kh8 30. Qf7 Kh7
31. Bf5 h4 32. Qxf8 Kh6 33. Bxg6 Kxg6 34. Qf5+ Qxf5 35. exf5+
Kxf5 36. Bxd6 Ke4 37. Bb8 a6 38. Kg2 b5 39. cxb5 axb5 40. Bd6
g5 41. h3 Ke3 42. Be7 Kd3 43. Bb4 Ke3 44. a3 Ke4 45. Kf2 g4
46. hxg4 Kf4 47. Kg2 Kxg4 48. Kh2 1-0

[Event "World Blitz Championship"]
[Site "Dubai UAE"]
[Date "2014.06.20"]
[EventDate "2014.06.19"]
[Round "18.4"]
[Result "1/2-1/2"]
[White "Sergei Yudin"]
[Black "Pentala Harikrishna"]
[WhiteElo "2559"]
[BlackElo "2669"]
[PlyCount "39"]

1. e4 c6 2. Nf3 d5 3. exd5 cxd5 4. Ne5 Nf6 5. d4 g6 6. c3 Bg7
7. Bb5+ Nbd7 8. O-O O-O 9. Nf3 Nb6 10. Re1 Bf5 11. Nbd2 a6
12. Bf1 Qc7 13. h3 Rfe8 14. Ne5 Nfd7 15. Nef3 Nf6 16. Ne5 Nfd7
17. Nef3 Nf6 18. Ne5 Nfd7 19. Nef3 Nf6 20. Ne5 1/2-1/2

[Event "World Blitz Championship"]
[Site "Dubai UAE"]
[Date "2014.06.20"]
[EventDate "2014.06.19"]
[Round "20.10"]
[Result "1/2-1/2"]
[White "Pentala Harikrishna"]
[Black "Evgeny Tomashevsky"]
[WhiteElo "2669"]
[BlackElo "2725"]
[PlyCount "156"]

1. d4 d5 2. c4 c6 3. Nf3 Nf6 4. Nc3 a6 5. cxd5 cxd5 6. Bf4 Nc6
7. e3 Bg4 8. Be2 e6 9. Qb3 Bxf3 10. Bxf3 Na5 11. Qd1 Bd6
12. Bg5 O-O 13. O-O h6 14. Bh4 Rc8 15. Rc1 b5 16. a4 b4
17. Nb1 g5 18. Bg3 Bxg3 19. hxg3 Qd7 20. Qd3 Rc6 21. Rc5 Nb7
22. Rc2 Rfc8 23. Rfc1 Nd6 24. b3 R8c7 25. Be2 a5 26. Rc5 Nb7
27. Rxc6 Rxc6 28. Rc2 Qc7 29. Bd1 Nd6 30. f3 Rxc2 31. Qxc2
Qxc2 32. Bxc2 g4 33. Nd2 h5 34. e4 Nd7 35. Kf2 f5 36. exd5
exd5 37. Nf1 Kf7 38. Ne3 Ke6 39. Bd3 Nf6 40. Nf1 Ng8 41. Ke3
Ne7 42. Kf4 Kf6 43. Ke3 Ng6 44. Kf2 Ne7 45. Ne3 Ke6 46. Nc2
Nc6 47. Ke3 Ne7 48. Ne1 Kf6 49. Ba6 Kg5 50. Nd3 Ng6 51. Ne5
f4+ 52. gxf4+ Nxf4 53. g3 Nf5+ 54. Kf2 Nh3+ 55. Kg2 Nxd4
56. fxg4 hxg4 57. Bc8 Nxb3 58. Bxg4 Nf4+ 59. gxf4+ Kxf4
60. Bd1 Nd4 61. Nd3+ Ke3 62. Nc5 Kd2 63. Bf3 Nxf3 64. Kxf3 Kc2
65. Ke3 b3 66. Nd3 Kc3 67. Nf2 d4+ 68. Ke4 Kc2 69. Nd3 Kc3
70. Nf2 Kc4 71. Nd1 Kb4 72. Kxd4 Kxa4 73. Kc3 Ka3 74. Nb2 a4
75. Nd3 Ka2 76. Nc1+ Ka3 77. Nd3 Ka2 78. Nc1+ Kb1 1/2-1/2

[Event "World Blitz Championship"]
[Site "Dubai UAE"]
[Date "2014.06.20"]
[EventDate "2014.06.19"]
[Round "21.11"]
[Result "1/2-1/2"]
[White "Pentala Harikrishna"]
[Black "Ngoc Truongson Nguyen"]
[WhiteElo "2726"]
[BlackElo "2621"]
[PlyCount "90"]

1. d4 d5 2. c4 c6 3. Nc3 Nf6 4. cxd5 cxd5 5. Bf4 Nc6 6. e3 Bf5
7. Rc1 Rc8 8. Nf3 e6 9. Bd3 Bxd3 10. Qxd3 Be7 11. O-O O-O
12. h3 h6 13. Ne5 Nxe5 14. Bxe5 Nd7 15. Bf4 a6 16. Rc2 Nb6
17. Rfc1 Qd7 18. Ne2 Rxc2 19. Qxc2 Rc8 20. Qb3 Rxc1+ 21. Nxc1
Qc6 22. Nd3 Nc4 23. Qc2 Na5 24. Qxc6 Nxc6 25. Bc7 Kf8 26. Kf1
Ke8 27. Ke2 Kd7 28. Be5 f6 29. Bg3 b6 30. f3 Bd6 31. Bxd6 Kxd6
32. f4 Ne7 33. g4 g5 34. Ne1 Nc6 35. fxg5 hxg5 36. Nf3 Nb4
37. a3 Nc6 38. Kd3 Na5 39. Nd2 Nc6 40. Nf3 Ne7 41. h4 gxh4
42. Nxh4 Ng8 43. Nf3 Nh6 44. g5 fxg5 45. Nxg5 Nf5 1/2-1/2

[Event "42nd TCh-GRE"]
[Site "Porto Rio GRE"]
[Date "2014.06.29"]
[EventDate "?"]
[Round "2"]
[Result "0-1"]
[White "Aleksandar Indjic"]
[Black "Pentala Harikrishna"]
[WhiteElo "2542"]
[BlackElo "2726"]
[PlyCount "58"]

1. d4 d5 2. c4 dxc4 3. Nf3 Nf6 4. Nc3 a6 5. a4 Nc6 6. e4 Bg4
7. d5 Ne5 8. Bf4 Ng6 9. Be3 e6 10. Bxc4 exd5 11. exd5 Bd6
12. O-O O-O 13. h3 Bxf3 14. Qxf3 Ne5 15. Qe2 Re8 16. Rfe1 Qd7
17. Bb3 Ng6 18. Rad1 Re5 19. Qf1 Qf5 20. g4 Qf3 21. Rd4 Nd7
22. Ne4 Rxe4 23. Bd1 Rxe3 24. Bxf3 Rxf3 25. Rde4 Nf4 26. Re7
Nxh3+ 27. Kh1 Nf6 28. g5 Nxf2+ 29. Kg2 Rg3+ 0-1

[Event "Biel"]
[Site "Biel SUI"]
[Date "2014.07.15"]
[EventDate "2014.07.14"]
[Round "2"]
[Result "1-0"]
[White "Pentala Harikrishna"]
[Black "Anish Giri"]
[WhiteElo "2726"]
[BlackElo "2750"]
[PlyCount "81"]

1. e4 e5 2. Nf3 Nc6 3. Bc4 Bc5 4. Nc3 Nf6 5. d3 d6 6. Bg5 h6
7. Bxf6 Qxf6 8. Nd5 Qd8 9. c3 a6 10. d4 exd4 11. cxd4 Ba7
12. Rc1 O-O 13. Bxa6 Re8 14. O-O Rxe4 15. Bd3 Re8 16. Bb5 Be6
17. Ne3 Bd7 18. Nd5 Be6 19. Ne3 Bd7 20. Bc4 Rf8 21. Re1 Ne7
22. Qd3 c6 23. Bb3 b5 24. h3 Bb6 25. Bc2 f5 26. g4 g6 27. gxf5
Nxf5 28. Nxf5 gxf5 29. Bb3+ Kh7 30. Be6 Rf6 31. d5 cxd5
32. Bxd5 Rg6+ 33. Kh1 Rc8 34. Rxc8 Qxc8 35. Nd4 Qf8 36. Ne6
Qf6 37. Qf3 Rg8 38. Nf4 Rc8 39. Qh5 Bd8 40. Rg1 Be7 41. Rg6
1-0

[Event "Biel"]
[Site "Biel SUI"]
[Date "2014.07.16"]
[EventDate "2014.07.14"]
[Round "3"]
[Result "1-0"]
[White "Alexander Motylev"]
[Black "Pentala Harikrishna"]
[WhiteElo "2698"]
[BlackElo "2726"]
[PlyCount "86"]

1. e4 e5 2. Nf3 Nc6 3. Bb5 Nf6 4. O-O Nxe4 5. d4 Nd6 6. Bxc6
dxc6 7. dxe5 Nf5 8. Qxd8+ Kxd8 9. h3 Bd7 10. Rd1 Be7 11. c4
Kc8 12. Nc3 Nh4 13. Nxh4 Bxh4 14. b3 b6 15. Bb2 a5 16. a4 Bf5
17. Ne2 Kb7 18. g3 Be7 19. g4 Bc2 20. Rd7 Bc5 21. Ba3 Bxa3
22. Rxa3 Rhe8 23. Rd2 Be4 24. f4 Rad8 25. Raa2 g5 26. Nc3 Bd3
27. Ra1 Rd7 28. Ne4 Red8 29. Nxg5 Kc8 30. Re1 b5 31. e6 fxe6
32. Nxe6 Re8 33. f5 bxc4 34. bxc4 Rd6 35. Red1 Bxc4 36. Rxd6
cxd6 37. Rxd6 Bxe6 38. Rxc6+ Kd7 39. Rxe6 Rxe6 40. fxe6+ Kxe6
41. Kf2 Kd5 42. Ke3 Kc4 43. g5 Kd5 1-0

[Event "Biel"]
[Site "Biel SUI"]
[Date "2014.07.17"]
[EventDate "2014.07.14"]
[Round "4.1"]
[Result "1/2-1/2"]
[White "Yifan Hou"]
[Black "Pentala Harikrishna"]
[WhiteElo "2629"]
[BlackElo "2726"]
[PlyCount "137"]

1. e4 c6 2. d4 d5 3. Nc3 dxe4 4. Nxe4 Bf5 5. Ng3 Bg6 6. h4 h6
7. Nf3 Nd7 8. h5 Bh7 9. Bd3 Bxd3 10. Qxd3 e6 11. Bd2 Ngf6
12. O-O-O Be7 13. Rde1 Qc7 14. Ne4 O-O-O 15. g3 Nc5 16. Nxc5
Bxc5 17. Rh4 Bd6 18. Qe2 Kb8 19. Ne5 Ka8 20. a3 Rhf8 21. Qf3
Be7 22. Rf4 Qb6 23. Rd1 Qc7 24. Nd3 Nh7 25. Rxf7 Ng5 26. Qf4
e5 27. Rxe7 Qxe7 28. Qxe5 Qf7 29. Bxg5 Rd5 30. Qe7 Rxg5
31. Qxf7 Rxf7 32. Re1 Kb8 33. Re5 Kc7 34. Kd2 Kd6 35. c4 Re7
36. c5+ Kd7 37. b4 Ke8 38. Rxe7+ Kxe7 39. Nf4 Kd7 40. Ke3 Rf5
41. g4 Rf8 42. Ng6 Ra8 43. Ne5+ Ke6 44. Nc4 b5 45. Ne5 Kd5
46. f4 a5 47. Nd7 axb4 48. Nb6+ Ke6 49. axb4 Ra1 50. d5+ cxd5
51. f5+ Ke7 52. Nxd5+ Kd7 53. Nf4 Re1+ 54. Kf3 Rf1+ 55. Ke3
Re1+ 56. Kd4 Rg1 57. Kd5 Rd1+ 58. Ke5 Re1+ 59. Kd4 Rg1 60. Ne6
Rxg4+ 61. Kd5 Rxb4 62. c6+ Ke7 63. Nxg7 Rc4 64. Ne6 Rxc6
65. Kxc6 Kf6 66. Nd4 b4 67. Kd5 b3 68. Nxb3 Kxf5 69. Nd4+
1/2-1/2

[Event "Biel"]
[Site "Biel SUI"]
[Date "2014.07.18"]
[EventDate "2014.07.14"]
[Round "5"]
[Result "1/2-1/2"]
[White "Pentala Harikrishna"]
[Black "Radoslaw Wojtaszek"]
[WhiteElo "2726"]
[BlackElo "2733"]
[PlyCount "93"]

1. e4 c5 2. Nf3 d6 3. d4 cxd4 4. Nxd4 Nf6 5. Nc3 a6 6. Qe2 Nc6
7. Nxc6 bxc6 8. e5 Nd5 9. Bd2 Nxc3 10. Bxc3 d5 11. h4 h5
12. Qd3 e6 13. Be2 Bb7 14. b4 c5 15. bxc5 Bxc5 16. Bd4 Bc6
17. Bxc5 Qa5+ 18. c3 Qxc5 19. a4 Rb8 20. O-O a5 21. Rfb1 Rxb1+
22. Rxb1 O-O 23. Qd4 Qxd4 24. cxd4 Bxa4 25. Ra1 Bc2 26. Rxa5
Bg6 27. f3 Rb8 28. Ra2 Rb4 29. Rd2 Kh7 30. Kf2 Kh6 31. Ke3 Bb1
32. Bd1 f6 33. g3 Kg6 34. Kf4 Kh6 35. Ke3 Kg6 36. g4 Kh6
37. exf6 gxf6 38. Rg2 hxg4 39. fxg4 e5 40. Rd2 Rxd4 41. Rxd4
exd4+ 42. Kxd4 Be4 43. Ke3 Bg6 44. Bf3 Bf7 45. Kd4 Be6 46. g5+
fxg5 47. hxg5+ 1/2-1/2

[Event "Biel"]
[Site "Biel SUI"]
[Date "2014.07.21"]
[EventDate "2014.07.14"]
[Round "7"]
[Result "1/2-1/2"]
[White "Anish Giri"]
[Black "Pentala Harikrishna"]
[WhiteElo "2750"]
[BlackElo "2726"]
[PlyCount "51"]

1. d4 Nf6 2. c4 e6 3. g3 d5 4. Bg2 dxc4 5. Nf3 Bd7 6. Ne5 Bc6
7. Nxc6 Nxc6 8. e3 Qd7 9. O-O O-O-O 10. Nd2 e5 11. Nxc4 exd4
12. exd4 Qe6 13. Qa4 Rxd4 14. b3 Ne4 15. Bb2 Nc5 16. Qxc6 bxc6
17. Bxd4 Ne4 18. Rae1 f5 19. f3 Qd5 20. fxe4 Qxd4+ 21. Kh1 Bb4
22. Rd1 Qc3 23. Rc1 Qd4 24. Rcd1 Qc3 25. Rc1 Qd4 26. Rcd1
1/2-1/2